[Event "Madrid-ch Previa-A"]
[Site "Madrid"]
[Date "2025.02.03"]
[Round "1.29"]
[White "Iturrizaga Ramirez, Eduardo Roberto"]
[Black "Marcos Herrero, Francisco"]
[Result "0-1"]
[WhiteElo "1591"]
[BlackElo "1840"]
[PlyCount "124"]
[GameId "2141513599246592"]
[EventDate "2025.02.03"]
[EventType "swiss"]
[EventRounds "9"]
[EventCountry "ESP"]

{[%evp 0,80,17,21,14,16,24,29,20,24,21,5,26,16,17,-27,-23,-17,-21,-56,-24,-45,-42,-56,-58,-58,-25,-29,-12,-56,-31,-26,-21,-52,-61,-98,-86,-90,-56,-117,-106,-106,-115,-99,-86,-113,-102,-110,-138,-134,-118,-179,-162,-114,-110,-131,-101,-109,-43,-101,-119,-122,-87,-25,-85,-101,-90,-79,-65,-83,-29,-90,33,-92,-102,-31,-111,-101,-174,-261,-256,-239,-249]} 1. e4 c6 2. d4 d5 3. e5 Bf5 4. Nf3 e6 5. c3 Nd7 6. Bd3 Ne7 7. Nh4 Bxd3 8. Qxd3 c5 9. Qb5 Rb8 10. Bg5 h6 11. Be3 Nc6 12. Nf3 cxd4 13. cxd4 a6 14. Qa4 b5 15. Qd1 Bb4+ 16. Nc3 Na5 17. a3 Bxc3+ 18. bxc3 Qc7 19. Qc2 Nb6 20. O-O Rc8 21. Rfc1 Na4 22. Bd2 Nc4 23. Be1 O-O 24. Nd2 Qe7 25. Nxc4 Rxc4 26. Qd3 Rfc8 27. Ra2 Nb6 28. Bd2 Ra4 29. Rca1 Nc4 30. Bc1 Ra8 31. Qg3 Kh8 32. h3 a5 33. Qf3 Qd7 34. Qd1 Nb6 35. Qc2 Rc8 36. Qb3 Rac4 37. Bd2 Na4 38. Rc2 Qc6 39. Rac1 b4 40. axb4 axb4 41. Ra1 Nxc3 42. Be3 Nb5 43. Rd2 Qb6 44. Rad1 Ra8 45. Rb1 Nc3 46. Rf1 Ra3 47. Qb2 Ra2 48. Qb3 Rxd2 49. Bxd2 Qxd4 50. Bxc3 Qxc3 51. Qa4 Rc7 52. Rb1 Qxe5 53. Qxb4 g6 54. g3 Kg7 55. Kg2 Rc4 56. Qb3 h5 57. Kf1 h4 58. Re1 Qd4 59. Kg2 hxg3 60. fxg3 Rc3 61. Qa2 Qd3 62. Kh1 Qxg3 0-1

[Event "Madrid-ch Previa-A"]
[Site "Madrid"]
[Date "2025.02.03"]
[Round "1.30"]
[White "Urosa Sanchez, Pablo"]
[Black "Calle Trueba, Jose Antonio"]
[Result "1-0"]
[WhiteElo "1829"]
[BlackElo "1590"]
[PlyCount "106"]
[GameId "2141515121115419"]
[EventDate "2025.02.03"]
[EventType "swiss"]
[EventRounds "9"]
[EventCountry "ESP"]

1. e4 d5 2. exd5 Qxd5 3. Nc3 Qa5 4. Nf3 Bg4 5. d4 Nf6 6. Bc4 e6 7. O-O a6 8. Bd2 Qh5 9. Be2 Bd6 10. Ne5 Bxe2 11. Qxe2 Qxe2 12. Nxe2 Nbd7 13. Nf3 O-O 14. c4 c5 15. Rfd1 Rac8 16. Rac1 Ne4 17. Be3 Nb6 18. b4 cxd4 19. Rxd4 f5 20. Rxd6 Nxd6 21. Bxb6 Nxc4 22. Bc5 Rfd8 23. h3 Nd2 24. Nfd4 b6 25. Bxb6 Rxc1+ 26. Nxc1 Rb8 27. Bc5 Ne4 28. Nd3 Nxc5 29. Nxc5 Rxb4 30. Ndxe6 Rb1+ 31. Kh2 Ra1 32. a4 Ra2 33. Kg3 h6 34. h4 Kf7 35. Nd4 Rd2 36. Ndb3 Ra2 37. a5 Rb2 38. Kf3 g5 39. hxg5 hxg5 40. Nd4 Rd2 41. Ke3 Ra2 42. Ndb3 Rb2 43. g3 Kg6 44. Nd4 f4+ 45. gxf4 gxf4+ 46. Kf3 Rd2 47. Nde6 Ra2 48. Nb7 Kf6 49. Nxf4 Kf5 50. Nd3 Ra3 51. Ke2 Rb3 52. Ndc5 Rb2+ 53. Ke3 Ke5 1-0

[Event "Madrid-ch Previa-A"]
[Site "Madrid"]
[Date "2025.02.03"]
[Round "1.31"]
[White "Gonzalez Bolado, David"]
[Black "Barahona Torrijos, Angel"]
[Result "0-1"]
[WhiteElo "1583"]
[BlackElo "1828"]
[PlyCount "74"]
[GameId "2141516657340757"]
[EventDate "2025.02.03"]
[EventType "swiss"]
[EventRounds "9"]
[EventCountry "ESP"]

1. e4 e5 2. Nf3 Nc6 3. Bc4 Nf6 4. d3 d5 5. exd5 Nxd5 6. h3 Be7 7. Nbd2 Be6 8. Ne4 h6 9. a3 a6 10. Bd2 Qd7 11. Qe2 O-O-O 12. Nc3 Nd4 13. Nxd4 exd4 14. Nxd5 Bxd5 15. Bxd5 Qxd5 16. Qe4 Bg5 17. Qxd5 Rxd5 18. O-O-O Re8 19. Bxg5 Rxg5 20. Rhg1 Kd7 21. Kd2 Rb5 22. b3 Rbe5 23. Rde1 Kd6 24. Rxe5 Rxe5 25. Re1 Rg5 26. g4 Re5 27. f4 Rxe1 28. Kxe1 f5 29. g5 hxg5 30. fxg5 Ke5 31. Kf2 Kf4 32. Kg2 Kxg5 33. Kg3 f4+ 34. Kf3 Kf5 35. h4 g5 36. hxg5 Kxg5 37. a4 a5 0-1

[Event "Madrid-ch Previa-A"]
[Site "Madrid"]
[Date "2025.02.03"]
[Round "1.33"]
[White "Castro Torres, Vicente"]
[Black "Hernandez Gutierrez, Jose"]
[Result "0-1"]
[WhiteElo "1534"]
[BlackElo "1825"]
[PlyCount "109"]
[GameId "2141533378924663"]
[EventDate "2025.02.03"]
[EventType "swiss"]
[EventRounds "9"]
[EventCountry "ESP"]

1. e4 c6 2. Nf3 d5 3. exd5 cxd5 4. Ne5 e6 5. d4 Nc6 6. Bb5 Bd7 7. Nxd7 Qxd7 8. O-O a6 9. Ba4 b5 10. Bb3 Nf6 11. Nc3 Be7 12. Re1 Qa7 13. Ne2 O-O 14. c3 b4 15. Bc2 bxc3 16. bxc3 Rab8 17. Nf4 Rfc8 18. Qd3 g6 19. h4 Bd6 20. Nh3 Ne7 21. Qf3 Kg7 22. Bh6+ Kxh6 23. Qxf6 Ng8 24. Qf3 Kg7 25. h5 Rb2 26. Rac1 Rxa2 27. hxg6 hxg6 28. Ng5 Qe7 29. Qe3 Qf6 30. g3 Ba3 31. Ra1 Rxa1 32. Rxa1 Bb2 33. Rxa6 Rxc3 34. Qd2 Ra3 35. Rxa3 Bxa3 36. Bb1 Ne7 37. f4 Nf5 38. Bxf5 Qxf5 39. Qe3 Be7 40. Nf3 Qe4 41. Qxe4 dxe4 42. Ne5 f5 43. Kf2 g5 44. Nc6 Bf6 45. Ke3 gxf4+ 46. gxf4 Kf7 47. Ne5+ Ke7 48. Ng6+ Kd6 49. Ne5 Bxe5 50. dxe5+ Kd5 51. Kd2 Kd4 52. Ke2 e3 53. Kd1 Ke4 54. Ke2 Kxf4 55. Kf1 0-1

[Event "Madrid-ch Previa-A"]
[Site "Madrid"]
[Date "2025.02.03"]
[Round "1.34"]
[White "Hetz, Robert"]
[Black "Lopez Manso, Jeronimo"]
[Result "0-1"]
[WhiteElo "1825"]
[BlackElo "1528"]
[PlyCount "105"]
[GameId "2141536360902810"]
[EventDate "2025.02.03"]
[EventType "swiss"]
[EventRounds "9"]
[EventCountry "ESP"]

1. d4 f5 2. g3 Nf6 3. Bg2 c6 4. c4 d5 5. Nf3 e6 6. O-O Be7 7. Nbd2 Na6 8. b3 O-O 9. Bb2 Rb8 10. Ne5 Nd7 11. Ndf3 Qe8 12. Nd3 Nc7 13. Bc1 b5 14. Bf4 Qd8 15. cxb5 Rxb5 16. Nfe5 Rb6 17. Rc1 Nb8 18. f3 g5 19. Bd2 Nb5 20. Ba5 Nxd4 21. e3 Nb5 22. a4 Nd6 23. Kh1 Ba6 24. Re1 Nb7 25. Bxb6 Qxb6 26. e4 Qd4 27. exd5 c5 28. Nc6 Qxd3 29. Nxe7+ Kf7 30. Qxd3 Bxd3 31. Rxe6 Re8 32. Nc6 Nxc6 33. Rxc6 Na5 34. Rc7+ Kf6 35. h4 Nxb3 36. hxg5+ Kg6 37. Rd1 c4 38. d6 Rd8 39. d7 a5 40. f4 Nd4 41. Re1 Be2 42. Bc6 c3 43. Rc8 c2 44. Rxd8 Bd1 45. Rg8+ Kh5 46. d8=Q c1=Q 47. Qe8+ Kg4 48. Qe3 Qxc6+ 49. Kg1 Nf3+ 50. Kf2 Qc2+ 51. Kf1 Qh2 52. Rxd1 Kxg3 53. g6 0-1

[Event "Madrid-ch Previa-A"]
[Site "Madrid"]
[Date "2025.02.04"]
[Round "2.1"]
[White "Nunez Munoz, Jesus"]
[Black "Balsera Gomez, Antonio"]
[Result "1/2-1/2"]
[WhiteElo "1996"]
[BlackElo "1873"]
[PlyCount "96"]
[GameId "2142932422512754"]
[EventDate "2025.02.03"]
[EventType "swiss"]
[EventRounds "9"]
[EventCountry "ESP"]

1. e4 c6 2. d4 d5 3. Nd2 dxe4 4. Nxe4 Nf6 5. Nxf6+ exf6 6. c3 Bd6 7. Bd3 O-O 8. Ne2 Bg4 9. Qc2 h6 10. O-O Re8 11. Ng3 Qc7 12. h3 Be6 13. Nh5 Nd7 14. f4 f5 15. Bxf5 Bxf5 16. Qxf5 g6 17. Qxd7 gxh5 18. Qxc7 Bxc7 19. f5 Re2 20. Bxh6 Rae8 21. Rab1 R8e4 22. Rfd1 Bg3 23. c4 Bf2+ 24. Kf1 Bg3 25. Kg1 Rc2 26. Rd2 Rxd2 27. Bxd2 Rxd4 28. Bc3 Rf4 29. Rd1 Bf2+ 30. Kh2 Rxf5 31. g4 hxg4 32. hxg4 Rf4 33. Kh3 Bb6 34. Rd7 Rxc4 35. Rxb7 Rf4 36. Kg3 Rf1 37. Rb8+ Kh7 38. Rh8+ Kg6 39. Rg8+ Kh7 40. Rc8 Rg1+ 41. Kf3 Rf1+ 42. Ke4 Kg6 43. g5 Kxg5 44. Rg8+ Kh5 45. Rh8+ Kg6 46. Rg8+ Kh5 47. Rh8+ Kg6 48. Rg8+ Kh5 1/2-1/2

[Event "Madrid-ch Previa-A"]
[Site "Madrid"]
[Date "2025.02.04"]
[Round "2.2"]
[White "Moreno Torrero, Javier"]
[Black "Blazquez Sanz, Oscar"]
[Result "0-1"]
[WhiteElo "1900"]
[BlackElo "1980"]
[PlyCount "70"]
[GameId "2142947415380081"]
[EventDate "2025.02.03"]
[EventType "swiss"]
[EventRounds "9"]
[EventCountry "ESP"]

1. e4 e6 2. d4 d5 3. Nc3 Bb4 4. e5 Ne7 5. a3 Bxc3+ 6. bxc3 b6 7. Nf3 Qd7 8. Bd3 Ba6 9. O-O c5 10. dxc5 bxc5 11. Bxa6 Nxa6 12. c4 O-O 13. cxd5 exd5 14. Ng5 Nc7 15. f4 h6 16. Ne4 Qc6 17. f5 dxe4 18. Qg4 Rad8 19. e6 Nxf5 20. Rxf5 Qxe6 21. Bb2 f6 22. Raf1 Rd5 23. Qf4 Rxf5 24. Qxf5 Qxf5 25. Rxf5 Na6 26. Kf2 Rb8 27. Bc3 Kf7 28. Ke3 Re8 29. Rd5 Re7 30. Ba5 g6 31. Bd8 Re8 32. Ba5 f5 33. Rd7+ Re7 34. Rd6 Nb8 35. Rd8 Nc6 0-1

[Event "Madrid-ch Previa-A"]
[Site "Madrid"]
[Date "2025.02.04"]
[Round "2.3"]
[White "Gal, Eugen"]
[Black "Alonso Anton, Carlos"]
[Result "1/2-1/2"]
[WhiteElo "1971"]
[BlackElo "1856"]
[PlyCount "123"]
[GameId "2142948431425689"]
[EventDate "2025.02.03"]
[EventType "swiss"]
[EventRounds "9"]
[EventCountry "ESP"]

{[%evp 0,103,11,12,27,34,20,27,31,15,7,6,1,4,-3,-6,-14,-19,4,-26,0,-48,-37,-41,-48,-34,-7,-66,1,-14,12,89,-1,-93,-42,-55,-85,77,-70,-117,-65,-108,-106,-27,-134,-121,-87,-146,-105,-247,-88,75,-55,-71,-113,-128,-28,-170,-17,-49,-38,1,174,-11,-5,97,-3,-11,-80,-41,-25,-84,-82,-135,-207,-158,-133,-107,-92,-213,-198,-264,-343,-326,-361,-482,-462,-445,-334,-443,-456,-478,-464,-501,-358,-368,-469,-450,-453,-464,-219,-182,-158,-185,-138,-39]} 1. e4 c6 2. Nc3 d5 3. Nf3 Bg4 4. exd5 cxd5 5. Bb5+ Nc6 6. h3 Bxf3 7. Qxf3 e6 8. O-O Nf6 9. Qg3 Qd6 10. Qh4 Be7 11. d4 O-O 12. a3 a6 13. Bf4 Qd7 14. Bd3 g6 15. Bg5 Nh5 16. Rfe1 Bxg5 17. Qxg5 Nxd4 18. Rad1 Nc6 19. g4 Ng7 20. Bf1 Qd8 21. Qh6 Qf6 22. Bg2 Ne8 23. Rd3 Ne5 24. Rxd5 Nxg4 25. hxg4 exd5 26. Nxd5 Qg7 27. Qf4 Rd8 28. Re7 Nd6 29. Nf6+ Kh8 30. g5 Ne8 31. Rxb7 Nxf6 32. gxf6 Qg8 33. c4 Rd1+ 34. Kh2 g5 35. Qg4 Rd2 36. Qf3 Qg6 37. c5 Rd3 38. Qe2 Rfd8 39. Re7 Qxf6 40. Re8+ Rxe8 41. Qxe8+ Kg7 42. Qe2 Qf4+ 43. Kg1 Rd2 44. Qe1 Qd4 45. Bf1 Qg4+ 46. Kh2 Qf4+ 47. Kg1 Qg4+ 48. Kh2 Qf4+ 49. Kg1 Rd5 50. b4 Rf5 51. Bg2 Qd4 52. c6 Re5 53. Qc1 Qf4 54. Qc3 f6 55. c7 Re2 56. Qc5 Re1+ 57. Bf1 Qg4+ 58. Kh2 Qf4+ 59. Kg2 Qg4+ 60. Kh2 Qf4+ 61. Kg2 Qg4+ 62. Kh2 1/2-1/2

[Event "Madrid-ch Previa-A"]
[Site "Madrid"]
[Date "2025.02.04"]
[Round "2.4"]
[White "Marquez Misel, Michael Angel"]
[Black "Vazquez Gonzalez, Francisco"]
[Result "1-0"]
[WhiteElo "1879"]
[BlackElo "1965"]
[PlyCount "55"]
[GameId "2142950454436023"]
[EventDate "2025.02.03"]
[EventType "swiss"]
[EventRounds "9"]
[EventCountry "ESP"]

1. d4 d6 2. Bf4 Nf6 3. e3 g6 4. Nf3 Bg7 5. c4 O-O 6. Nc3 Re8 7. h3 Nc6 8. Be2 Bd7 9. O-O a6 10. Rc1 Qc8 11. d5 Nd8 12. b4 e5 13. Bh2 Rf8 14. c5 Ne8 15. cxd6 cxd6 16. Na4 Qb8 17. Nb6 Bf5 18. g4 Qa7 19. Nxa8 Be4 20. Nc7 f5 21. Nxe8 Rxe8 22. Ng5 Bh6 23. Nxe4 fxe4 24. Rc8 b5 25. Qc2 Qe7 26. Qc7 Qh4 27. Bg3 Qf6 28. f4 1-0

[Event "Madrid-ch Previa-A"]
[Site "Madrid"]
[Date "2025.02.04"]
[Round "2.5"]
[White "Pastor Alonso De Prado, Alberto"]
[Black "Urosa Sanchez, Pablo"]
[Result "1/2-1/2"]
[WhiteElo "1963"]
[BlackElo "1829"]
[PlyCount "43"]
[GameId "2142951512588519"]
[EventDate "2025.02.03"]
[EventType "swiss"]
[EventRounds "9"]
[EventCountry "ESP"]

1. Nf3 d5 2. d4 Nf6 3. c4 e6 4. Nc3 Be7 5. Bg5 O-O 6. e3 Nbd7 7. Qc2 c5 8. dxc5 Nxc5 9. Rd1 Qa5 10. cxd5 exd5 11. Be2 Nce4 12. O-O Nxg5 13. Nxg5 d4 14. Nce4 Nxe4 15. Nxe4 dxe3 16. fxe3 Be6 17. a3 Rac8 18. Qd2 Qb6 19. Qd4 Qa5 20. Qd2 Qb6 21. Qd4 Qa5 22. Qd2 1/2-1/2

[Event "Madrid-ch Previa-A"]
[Site "Madrid"]
[Date "2025.02.04"]
[Round "2.6"]
[White "Dominguez Garcia, Jose Manuel"]
[Black "Arevillca Colque, Jonatan"]
[Result "0-1"]
[WhiteElo "1863"]
[BlackElo "1957"]
[PlyCount "80"]
[GameId "2142952079581432"]
[EventDate "2025.02.03"]
[EventType "swiss"]
[EventRounds "9"]
[EventCountry "ESP"]

1. e4 e5 2. Nf3 Nc6 3. d4 exd4 4. Nxd4 Qf6 5. Nb5 Bc5 6. Qe2 Bb6 7. N1c3 Nge7 8. Be3 Ba5 9. O-O-O O-O 10. Nd5 Nxd5 11. exd5 Ne5 12. f4 Ng6 13. g3 a6 14. Bd4 Qf5 15. Nc3 d6 16. Bg2 Bxc3 17. Bxc3 Bd7 18. h4 Bb5 19. Qd2 Rfe8 20. Bf3 h5 21. Rde1 Nf8 22. Qd4 f6 23. a4 Bd7 24. Be4 Qg4 25. Re3 Bf5 26. Bg2 Qg6 27. Rxe8 Rxe8 28. Qf2 Bxc2 29. Qxc2 Qxc2+ 30. Kxc2 Re2+ 31. Kd3 Rxg2 32. Rh3 Nd7 33. Bd4 Kf7 34. Ke4 Nc5+ 35. Kf3 Rd2 36. Bxc5 dxc5 37. g4 Rxb2 38. Rh1 hxg4+ 39. Kxg4 Rd2 40. Rb1 b6 0-1

[Event "Madrid-ch Previa-A"]
[Site "Madrid"]
[Date "2025.02.04"]
[Round "2.7"]
[White "Sanchez Rodriguez, Jaime"]
[Black "Lopez Heras, Arturo"]
[Result "1/2-1/2"]
[WhiteElo "1952"]
[BlackElo "1828"]
[PlyCount "82"]
[GameId "2143136783618144"]
[EventDate "2025.02.03"]
[EventType "swiss"]
[EventRounds "9"]
[EventCountry "ESP"]

1. d4 g6 2. c3 Bg7 3. e3 b6 4. f4 Bb7 5. Nf3 Nf6 6. Bd3 d6 7. Qe2 Ne4 8. O-O Nd7 9. Nbd2 Ndf6 10. Nxe4 Nxe4 11. Qc2 f5 12. Qb3 Qd7 13. Bc4 d5 14. Bd3 O-O-O 15. a4 a6 16. Bd2 h5 17. Rfc1 Qe6 18. Be1 Nd6 19. Bf2 Nc4 20. Ng5 Qg8 21. Qc2 Bh6 22. b3 Bg7 23. bxc4 dxc4 24. Bf1 Bf6 25. h4 Qd5 26. Qa2 b5 27. axb5 axb5 28. Qa5 Kd7 29. Rcb1 Ra8 30. Qb4 Rxa1 31. Rxa1 Ra8 32. Rxa8 Bxa8 33. Qb1 Bc6 34. Qc2 Qd6 35. Be2 Be4 36. Qb2 Qd5 37. Bf3 Bxf3 38. gxf3 Ke8 39. Kg2 Kd7 40. Qb1 c6 41. e4 fxe4 1/2-1/2

[Event "Madrid-ch Previa-A"]
[Site "Madrid"]
[Date "2025.02.04"]
[Round "2.9"]
[White "Garcia Galeote, Lorenzo"]
[Black "Garcia Gonzalez, Pedro A"]
[Result "1-0"]
[WhiteElo "1944"]
[BlackElo "1816"]
[PlyCount "79"]
[GameId "2143150302180466"]
[EventDate "2025.02.03"]
[EventType "swiss"]
[EventRounds "9"]
[EventCountry "ESP"]

1. d4 d5 2. c4 e6 3. Nf3 Nf6 4. g3 Be7 5. Bg2 O-O 6. O-O dxc4 7. Ne5 Nc6 8. Nxc6 bxc6 9. Bxc6 Rb8 10. Na3 Bb7 11. Bxb7 Rxb7 12. Nxc4 c5 13. dxc5 Bxc5 14. Qxd8 Rxd8 15. b3 h6 16. Bb2 Ne4 17. Kg2 Rbd7 18. Ne5 Rd2 19. Nd3 R8xd3 20. exd3 Nxf2 21. Bc3 Rc2 22. Rfc1 Rxc1 23. Rxc1 Nxd3 24. Rd1 Nb4 25. Rd8+ Kh7 26. Bxb4 Bxb4 27. Rd7 a5 28. Rxf7 Kg6 29. Rb7 Kf6 30. Kf3 g6 31. Ke4 Ba3 32. Rb5 Bb4 33. a3 Bxa3 34. Rxa5 Bb2 35. b4 Bc3 36. Ra4 Ke7 37. b5 Kd7 38. Rc4 Ba5 39. Ke5 Bc7+ 40. Rxc7+ 1-0

[Event "Madrid-ch Previa-A"]
[Site "Madrid"]
[Date "2025.02.04"]
[Round "2.10"]
[White "Barahona Torrijos, Angel"]
[Black "Martin Rodriguez, Emilio"]
[Result "0-1"]
[WhiteElo "1828"]
[BlackElo "1939"]
[PlyCount "64"]
[GameId "2143154790622340"]
[EventDate "2025.02.03"]
[EventType "swiss"]
[EventRounds "9"]
[EventCountry "ESP"]

1. e4 c6 2. Nc3 d5 3. Qf3 dxe4 4. Nxe4 Nd7 5. d4 Ngf6 6. Bc4 e6 7. Bg5 Qa5+ 8. Bd2 Qh5 9. Qxh5 Nxh5 10. O-O-O Nhf6 11. f3 Be7 12. Bd3 a6 13. g4 c5 14. Bc3 Nd5 15. dxc5 Nxc3 16. Nxc3 Nxc5 17. Be2 b5 18. Ne4 Bb7 19. Nxc5 Bxc5 20. Nh3 Ke7 21. Rd3 Rad8 22. Rhd1 Rxd3 23. Rxd3 Bd5 24. b3 Rd8 25. Nf4 Bb7 26. Rxd8 Kxd8 27. Kd2 Bd6 28. Nh5 g6 29. Ng3 f5 30. Kd3 Ke7 31. c4 bxc4+ 32. bxc4 Kf6 0-1

[Event "Madrid-ch Previa-A"]
[Site "Madrid"]
[Date "2025.02.04"]
[Round "2.11"]
[White "Hernandez Gutierrez, Jose"]
[Black "Rodriguez Garcia, Jose Maria"]
[Result "0-1"]
[WhiteElo "1825"]
[BlackElo "1935"]
[PlyCount "104"]
[GameId "2143155518432403"]
[EventDate "2025.02.03"]
[EventType "swiss"]
[EventRounds "9"]
[EventCountry "ESP"]

1. d4 e6 2. c4 f5 3. g3 Nf6 4. Bg2 d5 5. cxd5 exd5 6. Nf3 Bd6 7. O-O O-O 8. Nc3 c6 9. Ne1 Ne4 10. Nd3 g5 11. f4 g4 12. Ne5 Nd7 13. Nxe4 fxe4 14. Nxg4 Nf6 15. Nxf6+ Rxf6 16. Bd2 Qe8 17. e3 Qg6 18. Qb3 Kh8 19. Bb4 Bxb4 20. Qxb4 Qf7 21. a4 Bf5 22. Qc3 Rg8 23. b4 h5 24. Kf2 Qg7 25. Rh1 h4 26. Rag1 h3 27. Bf1 Bg4 28. Be2 Bxe2 29. Kxe2 Qg4+ 30. Kd2 a6 31. Qc1 Rh6 32. Qd1 Qd7 33. g4 a5 34. g5 Rh4 35. Qe1 Rh5 36. Qe2 Rh4 37. Rg3 axb4 38. Rhg1 Ra8 39. Ra1 c5 40. Qd1 c4 41. g6 Kg7 42. Rg5 c3+ 43. Ke1 Qc7 44. Rh5 Rh8 45. Rxd5 c2 46. Qd2 Rg4 47. Rg5 Rxg5 48. fxg5 Rf8 49. d5 Kxg6 50. Rc1 Qc4 51. Qe2 Qc3+ 52. Qd2 Rf1+ 0-1

[Event "Madrid-ch Previa-A"]
[Site "Madrid"]
[Date "2025.02.04"]
[Round "2.12"]
[White "De la Orden Alcocer, Alejandro"]
[Black "Vukotic Jovsic, Dragan"]
[Result "1-0"]
[WhiteElo "1927"]
[BlackElo "1812"]
[PlyCount "93"]
[GameId "2143157744886946"]
[EventDate "2025.02.03"]
[EventType "swiss"]
[EventRounds "9"]
[EventCountry "ESP"]

1. c4 e6 2. g3 d5 3. Bg2 c6 4. b3 Nf6 5. Bb2 Nbd7 6. Nf3 Bd6 7. d4 b6 8. O-O Qc7 9. Nc3 Ba6 10. Nd2 O-O 11. Rc1 Qb8 12. e4 Nxe4 13. Ndxe4 dxe4 14. Nxe4 Be7 15. Re1 Bb7 16. Rc2 Nf6 17. Qa1 Nxe4 18. Bxe4 Bf6 19. Qd1 Rd8 20. Qg4 c5 21. dxc5 Bxb2 22. c6 Ba6 23. c7 Qxc7 24. Bxa8 Rxa8 25. Rxb2 b5 26. Rc1 bxc4 27. bxc4 Bb7 28. Rcb1 f5 29. Qe2 Be4 30. Re1 Re8 31. f3 Bb7 32. Qe3 Ba8 33. c5 Qc6 34. Reb1 Kf7 35. Rd2 Re7 36. Rb3 Qa4 37. Qd4 Qa5 38. Qc3 Qa6 39. Rb1 Bd5 40. a3 Qc6 41. Kf2 Rc7 42. Rc1 Rb7 43. Rb2 Rxb2+ 44. Qxb2 Bxf3 45. Qb8 Bg4 46. Rc3 Qh1 47. Qxa7+ 1-0

[Event "Madrid-ch Previa-A"]
[Site "Madrid"]
[Date "2025.02.04"]
[Round "2.13"]
[White "Aldea Moreno, Marina"]
[Black "Lorenzo Bailador, Alfredo"]
[Result "0-1"]
[WhiteElo "1823"]
[BlackElo "1927"]
[PlyCount "142"]
[GameId "2143164513313971"]
[EventDate "2025.02.03"]
[EventType "swiss"]
[EventRounds "9"]
[EventCountry "ESP"]

1. e4 e5 2. Nf3 Nc6 3. d4 exd4 4. Nxd4 Bc5 5. Nb3 Bb6 6. Qe2 a5 7. a4 Nf6 8. Nc3 O-O 9. Be3 d5 10. Bxb6 cxb6 11. O-O-O Nb4 12. exd5 Nfxd5 13. Nxd5 Nxd5 14. Qe5 Be6 15. Bc4 Qc7 16. Qxc7 Nxc7 17. Bxe6 fxe6 18. Rd7 Rf7 19. Rhd1 Nd5 20. Rxf7 Kxf7 21. Nd4 Rd8 22. Nb5 Ke7 23. Rd4 Rf8 24. Rd2 Rf4 25. b3 Rf8 26. Kb2 g5 27. Nc3 Nf4 28. f3 h6 29. Nd1 Ng6 30. Ne3 Ne5 31. Rd4 Rc8 32. h4 Rg8 33. Kc3 Rc8+ 34. Kd2 Rg8 35. c3 Rc8 36. Ng4 Nxg4 37. Rxg4 Kf6 38. hxg5+ hxg5 39. Kd3 Kf5 40. Rd4 Rh8 41. g4+ Ke5 42. Rd7 Kf4 43. Rf7+ Kg3 44. Ke4 Rh1 45. Rxb7 Re1+ 46. Kd4 Kxf3 47. Rxb6 Kxg4 48. c4 Kf4 49. c5 g4 50. Rb8 Rd1+ 51. Kc4 g3 52. Rg8 Kf3 53. c6 g2 54. Kb5 g1=Q 55. Rxg1 Rxg1 56. Kxa5 e5 57. c7 Rg8 58. Kb6 e4 59. Kb7 e3 60. b4 e2 61. c8=Q Rxc8 62. Kxc8 e1=Q 63. b5 Qa5 64. Kb7 Ke4 65. Kc6 Qxa4 66. Kc5 Qa7+ 67. Kc6 Qb8 68. b6 Kd4 69. b7 Kc4 70. Kb6 Kd5 71. Ka6 Kc5 0-1

[Event "Madrid-ch Previa-A"]
[Site "Madrid"]
[Date "2025.02.04"]
[Round "2.14"]
[White "Marin Lopez, Jeronimo"]
[Black "Garcia Diez, Mariano"]
[Result "1-0"]
[WhiteElo "1922"]
[BlackElo "1805"]
[PlyCount "69"]
[GameId "2143176694641861"]
[EventDate "2025.02.03"]
[EventType "swiss"]
[EventRounds "9"]
[EventCountry "ESP"]

1. e4 d6 2. d4 Nf6 3. Nc3 Nbd7 4. g3 e5 5. Nge2 Be7 6. Bg2 O-O 7. O-O c6 8. h3 Qc7 9. g4 Re8 10. Ng3 exd4 11. Qxd4 d5 12. exd5 Bc5 13. Qf4 Bd6 14. Qf3 Ne5 15. Qd1 Nfxg4 16. Nce4 Nxf2 17. Rxf2 cxd5 18. Nxd6 Qxd6 19. Qxd5 Qb6 20. Bf4 Nc6 21. Be3 Qxe3 22. Qxf7+ Kh8 23. Nh5 Qe7 24. Qxe7 Nxe7 25. Re1 Bd7 26. Rf7 Ng8 27. Rd1 Be6 28. Rxb7 Rab8 29. Rxa7 Ne7 30. Re1 Bf7 31. Rexe7 Rxe7 32. Rxe7 Bxh5 33. Ra7 Bg6 34. c4 h6 35. Ra8 1-0

[Event "Madrid-ch Previa-A"]
[Site "Madrid"]
[Date "2025.02.04"]
[Round "2.15"]
[White "Melgar Morraja, Mateo"]
[Black "Vazquez Gonzalez, Jesus"]
[Result "0-1"]
[WhiteElo "1812"]
[BlackElo "1920"]
[PlyCount "80"]
[GameId "2143178734445856"]
[EventDate "2025.02.03"]
[EventType "swiss"]
[EventRounds "9"]
[EventCountry "ESP"]

{[%evp 0,39,11,25,26,45,45,14,24,36,36,21,73,40,42,50,70,34,63,50,50,54,59,54,52,52,59,64,91,67,80,46,36,-30,-61,-54,-52,-144,-120,-133,-62,52]} 1. e4 g6 2. d4 Bg7 3. f4 c5 4. d5 d6 5. Nf3 Bg4 6. Nbd2 a6 7. h3 Bxf3 8. Nxf3 b5 9. c3 Nd7 10. Bd3 Ngf6 11. O-O O-O 12. Bc2 Nb6 13. Qe2 Nh5 14. Kh2 Bh6 15. Ne1 e5 16. fxe5 Bxc1 17. Rxc1 Qg5 18. Qd1 Qxe5+ 19. Kg1 Nc4 20. Nf3 Qf4 21. Qe1 Rae8 22. Nh2 Qe3+ 23. Qxe3 Nxe3 24. Rfe1 Nxc2 25. Rxc2 Ng3 26. e5 Rxe5 27. Rxe5 dxe5 28. Kf2 Ne4+ 29. Ke3 Nd6 30. b3 f5 31. Nf3 f4+ 32. Ke2 e4 33. Nd2 c4 34. bxc4 bxc4 35. Rb2 e3 36. Rb6 Rd8 37. Nf3 Ne4 38. Rxa6 Nxc3+ 39. Ke1 Rxd5 40. Rc6 Rd1# 0-1

[Event "Madrid-ch Previa-A"]
[Site "Madrid"]
[Date "2025.02.04"]
[Round "2.16"]
[White "Martin Martin, Luis Vicente"]
[Black "Martin Buitrago Lopez, Antonio"]
[Result "1-0"]
[WhiteElo "1916"]
[BlackElo "1800"]
[PlyCount "87"]
[GameId "2143238556233877"]
[EventDate "2025.02.03"]
[EventType "swiss"]
[EventRounds "9"]
[EventCountry "ESP"]

1. d4 e6 2. Nf3 f5 3. Bf4 Nf6 4. h3 d6 5. e3 g6 6. Bc4 Bg7 7. g4 Nc6 8. Nc3 Na5 9. Bd3 Bd7 10. gxf5 exf5 11. Qe2 Nh5 12. Bg5 Bf6 13. Bh6 Bg7 14. Bxg7 Nxg7 15. O-O-O O-O 16. d5 c5 17. Bb5 a6 18. Bxd7 Qxd7 19. Rdg1 Kh8 20. h4 Nh5 21. Ng5 b5 22. Ne6 Rf7 23. b3 Nb7 24. Qf3 c4 25. b4 a5 26. a3 axb4 27. axb4 Nd8 28. Nf4 Nxf4 29. Qxf4 Ra1+ 30. Kd2 Rxg1 31. Rxg1 Rg7 32. Ra1 Nf7 33. Ra8+ Rg8 34. Qd4+ Ne5 35. Ra7 Qd8 36. f4 Qxh4 37. fxe5 Qh2+ 38. Ne2 dxe5 39. Qb6 Rf8 40. Qc7 c3+ 41. Kxc3 Qh6 42. Qxe5+ Kg8 43. Nf4 Rc8+ 44. Kb3 1-0

[Event "Madrid-ch Previa-A"]
[Site "Madrid"]
[Date "2025.02.04"]
[Round "2.17"]
[White "Iribarren Galarza, Aritz"]
[Black "Pulido Gomez, Pablo"]
[Result "0-1"]
[WhiteElo "1810"]
[BlackElo "1913"]
[PlyCount "114"]
[GameId "2143740676345942"]
[EventDate "2025.02.03"]
[EventType "swiss"]
[EventRounds "9"]
[EventCountry "ESP"]

1. e4 c5 2. Nc3 a6 3. a4 e6 4. f4 d5 5. Nf3 Nf6 6. d3 Nc6 7. g3 Be7 8. Bg2 Rb8 9. O-O O-O 10. e5 Nd7 11. d4 cxd4 12. Nxd4 Nxd4 13. Kh1 Nc6 14. Bh3 b5 15. Be3 Bc5 16. Bc1 b4 17. Ne2 a5 18. Qd3 Qb6 19. Rd1 Ba6 20. Qf3 Nd4 21. Nxd4 Bxd4 22. c3 Bc5 23. Re1 Bb7 24. Bg2 d4 25. Qd3 Bxg2+ 26. Kxg2 Qb7+ 27. Kh3 dxc3 28. bxc3 bxc3 29. Qxc3 Bb4 30. Qe3 Bxe1 31. Qxe1 Ra8 32. Ba3 Rfc8 33. Bd6 Nb6 34. Rb1 Qc6 35. Qd1 Nc4 36. Rc1 Qd5 37. Qc2 h6 38. Qb1 Nxd6 39. Rd1 Qb7 40. exd6 Qxb1 41. Rxb1 Rd8 42. Rb6 Ra7 43. Kg2 Rad7 44. Ra6 Rxd6 45. Rxa5 Rd2+ 46. Kh3 Ra2 47. f5 exf5 48. Rxf5 Rxa4 49. Rf2 g6 50. Rc2 Rad4 51. Rb2 Rd2 52. Rb4 Re2 53. Kg4 Rxh2 54. Rb3 h5+ 55. Kg5 Kg7 56. Rf3 Rd5+ 57. Kf4 Rf5+ 0-1